Concertación o confrontación /
Salvato in:
| Autore principale: | |
|---|---|
| Altri autori: | , , |
| Natura: | Sconosciuto |
| Pubblicazione: |
Santiago:
Comisión Sudamericana de Paz
|
| Tags: |
Aggiungi Tag
Nessun Tag, puoi essere il primo ad aggiungerne!!
|
MARC
| LEADER | 00000 a2200000 04500 | ||
|---|---|---|---|
| 001 | 614 | ||
| 003 | cru CIDCACS/IIS | ||
| 005 | 20200925160623.0 | ||
| 008 | 991231s d | ||
| 999 | |c 16089 |d 16089 | ||
| 020 | |a [sin ISBN] | ||
| 040 | |c CRAI/IIS |a CRAI/IIS | ||
| 090 | |a 10308.02 | ||
| 100 | |a García, Alvaro | ||
| 245 | |a Concertación o confrontación / |c Alvaro García | ||
| 260 | |a Santiago: |b Comisión Sudamericana de Paz | ||
| 300 | |a páginas 27-40 | ||
| 700 | |a Cavada, Juan | ||
| 700 | |a Contreras, Carlos | ||
| 700 | |a Sidicaro, Ricardo; | ||
| 942 | |2 ddc |c LI | ||
